000
00315nam a22001217a 4500
999
_c
8234
_d
8234
003
OSt
005
20201007102426.0
008
201007b ||||| |||| 00| 0 eng d
082
_a
352.054
_b
PIN
100
_a
Pinto anthony david
245
_a
The Mayor the commissioner and the metropolitan administration
942
_2
ddc